| 000 | 00518nam a2200097Ia 4500 | ||
|---|---|---|---|
| 008 | 180130s9999 xx 000 0 und d | ||
| 245 |
_cKavanagh, Michael J.; Thite, Mohan; Johnson, Richard D. _aThe future of human resource information systems: emerging trends in human resource management and information technology |
||
| 260 | _c2015 | ||
| 300 | _aBook title: Human resource information systems : basics, applications, and future directions /--Acession number C17426; pages 536-556 | ||
| 650 | _aHUMAN RESOURCE MANAGEMENT | ||
| 999 |
_c353677 _d353677 |
||